000 00289nam a22001337a 4500
008 170412b xxu||||| |||| 00| 0 eng d
020 _a0781701422
041 _aeng
080 _a618
100 _a10
101 _aSHM
245 _aSICKLE CALL DISEASE
_cEMBURY.S.HY
942 _2udc
_cBK
999 _c10508
_d10508